Transaction management : managing complex transactions and sharing distributed databases

Αποθηκεύτηκε σε:
Λεπτομέρειες βιβλιογραφικής εγγραφής
Κύριος συγγραφέας: Chorafas, Dimitris N.
Μορφή: Βιβλίο
Γλώσσα:English
Δημοσίευση: McMillan Business,
Θέματα:
Ετικέτες: Προσθήκη ετικέτας
Δεν υπάρχουν, Καταχωρήστε ετικέτα πρώτοι!

MARC

LEADER 00000cam a2200000 i 4500
001 1/95262
008 991206s1998 eng d
020 |a 0-333-71902-6 
035 |l 10055231 
040 |a GR-MY-UA  |b gre  |e aacr 
041 0 |a eng 
082 0 |a 005.758 
100 1 |a Chorafas, Dimitris N. 
245 1 0 |a Transaction management :  |b managing complex transactions and sharing distributed databases /  |c Dimitris N. Chorafas 
260 |b McMillan Business,  
300 |a xvii, 305 p. 
504 |a Includes bibliographical references and index 
650 0 0 |a Transaction systems (Computer systems)  |x Management. 
650 0 0 |a Distributed databases. 
852 |a INST  |b CHIOS  |e 19991206  |h 005.758 CHO  |p 005200019313  |q 005200019313  |t BK  |y 0 
901 |a BIBL2-2000-1 
909 |a Χ  |b 070683 
922 |a 2ΕΛΗ  |b 199911  |c ΤΝΕΥ  |d ΠΑΠΑΣΩΤΗΡΙΟΥ 
950 |a 125-1999-07-15 
970 |a ΣΠΕΝΤΖΑ  |b ΕΛΕΝΗ  |z 2000/03/22